<?xml version="1.0" encoding="UTF-8"?>
<record
    xmlns:xsi="http://www.w3.org/2001/XMLSchema-instance"
    xsi:schemaLocation="http://www.loc.gov/MARC21/slim http://www.loc.gov/standards/marcxml/schema/MARC21slim.xsd"
    xmlns="http://www.loc.gov/MARC21/slim">

  <leader>00487nam a22001457a 4500</leader>
  <controlfield tag="005">20180806171357.0</controlfield>
  <datafield tag="020" ind1=" " ind2=" ">
    <subfield code="a">0195672011</subfield>
    <subfield code="c">595.00</subfield>
  </datafield>
  <datafield tag="035" ind1=" " ind2=" ">
    <subfield code="a">B-163256, b-163255, B-163258</subfield>
  </datafield>
  <datafield tag="037" ind1=" " ind2=" ">
    <subfield code="a">DPL</subfield>
    <subfield code="b">ENG</subfield>
  </datafield>
  <datafield tag="100" ind1=" " ind2=" ">
    <subfield code="a">Subedi, Surya P.</subfield>
  </datafield>
  <datafield tag="245" ind1=" " ind2=" ">
    <subfield code="a">Dynamics of foreign policy and law :</subfield>
    <subfield code="b">A study of Indo-Nepal relations /</subfield>
    <subfield code="c">by Surya P. Subedi</subfield>
  </datafield>
  <datafield tag="260" ind1=" " ind2=" ">
    <subfield code="a">New Delhi</subfield>
    <subfield code="b">Oxford University Press</subfield>
    <subfield code="c">2006</subfield>
  </datafield>
  <datafield tag="300" ind1=" " ind2=" ">
    <subfield code="a">xiii, 274p.</subfield>
    <subfield code="c">20 cms.</subfield>
  </datafield>
  <datafield tag="942" ind1=" " ind2=" ">
    <subfield code="2">ddc</subfield>
    <subfield code="c">EN</subfield>
    <subfield code="h">327.5405496</subfield>
    <subfield code="m">SUB</subfield>
  </datafield>
  <datafield tag="999" ind1=" " ind2=" ">
    <subfield code="c">65997</subfield>
    <subfield code="d">65997</subfield>
  </datafield>
  <datafield tag="952" ind1=" " ind2=" ">
    <subfield code="0">0</subfield>
    <subfield code="1">0</subfield>
    <subfield code="4">0</subfield>
    <subfield code="7">0</subfield>
    <subfield code="8">NFIC</subfield>
    <subfield code="a">ZLS</subfield>
    <subfield code="b">ZLS</subfield>
    <subfield code="d">2012-05-02</subfield>
    <subfield code="g">595.00</subfield>
    <subfield code="l">0</subfield>
    <subfield code="o">327.5405496 SUB</subfield>
    <subfield code="p">B-163256</subfield>
    <subfield code="r">2012-05-02 00:00:00</subfield>
    <subfield code="v">595.00</subfield>
    <subfield code="w">2012-05-02</subfield>
    <subfield code="y">EN</subfield>
  </datafield>
  <datafield tag="952" ind1=" " ind2=" ">
    <subfield code="0">0</subfield>
    <subfield code="1">0</subfield>
    <subfield code="4">0</subfield>
    <subfield code="7">0</subfield>
    <subfield code="8">NFIC</subfield>
    <subfield code="a">BL1</subfield>
    <subfield code="b">BL1</subfield>
    <subfield code="d">2018-07-27</subfield>
    <subfield code="e">BPPD/PUB</subfield>
    <subfield code="g">595.00</subfield>
    <subfield code="l">0</subfield>
    <subfield code="o">327.5405496 SUB</subfield>
    <subfield code="p"> B-163255</subfield>
    <subfield code="r">2018-07-27 00:00:00</subfield>
    <subfield code="v">595.00</subfield>
    <subfield code="w">2018-07-27</subfield>
    <subfield code="y">EN</subfield>
  </datafield>
  <datafield tag="952" ind1=" " ind2=" ">
    <subfield code="0">0</subfield>
    <subfield code="1">0</subfield>
    <subfield code="4">0</subfield>
    <subfield code="7">0</subfield>
    <subfield code="8">NFIC</subfield>
    <subfield code="a">BL4</subfield>
    <subfield code="b">BL4</subfield>
    <subfield code="d">2018-08-06</subfield>
    <subfield code="e">BPPD/PUB</subfield>
    <subfield code="g">595.00</subfield>
    <subfield code="l">0</subfield>
    <subfield code="o">327.5405496 SUB</subfield>
    <subfield code="p">B-163258</subfield>
    <subfield code="r">2018-08-06 00:00:00</subfield>
    <subfield code="v">595.00</subfield>
    <subfield code="w">2018-08-06</subfield>
    <subfield code="y">EN</subfield>
  </datafield>
</record>
